Pháp luật về sản xuất thiết bị và kinh doanh trò chơi mạo hiểm : Luận văn Thạc sĩ Luật học. Chuyên ngành Luật kinh tế
Trình bày những vấn đề lý luận liên quan đến pháp luật về sản xuất thiết bị và kinh doanh trò chơi mạo hiểm, pháp luật về sản xuất thiết bị và kinh doanh trò chơi mạo hiểm - hạn chế và hướng hoàn thiện....
में बचाया:
| मुख्य लेखक: | |
|---|---|
| स्वरूप: | पुस्तक |
| भाषा: | Undetermined |
| प्रकाशित: |
Cần Thơ
Trường Đại học Cần Thơ
2018
|
| विषय: | |
| टैग : |
टैग जोड़ें
कोई टैग नहीं, इस रिकॉर्ड को टैग करने वाले पहले व्यक्ति बनें!
|
| Thư viện lưu trữ: | Trung tâm Học liệu Trường Đại học Cần Thơ |
|---|
| LEADER | 01146nam a2200217Ia 4500 | ||
|---|---|---|---|
| 001 | CTU_227585 | ||
| 008 | 210402s9999 xx 000 0 und d | ||
| 082 | |a 346.59707 | ||
| 082 | |b T502 | ||
| 100 | |a Trần, Lý Anh Tuấn | ||
| 245 | 0 | |a Pháp luật về sản xuất thiết bị và kinh doanh trò chơi mạo hiểm : | |
| 245 | 0 | |b Luận văn Thạc sĩ Luật học. Chuyên ngành Luật kinh tế | |
| 245 | 0 | |c Trần Lý Anh Tuấn ; Cao Nhất Linh (Cán bộ hướng dẫn) | |
| 260 | |a Cần Thơ | ||
| 260 | |b Trường Đại học Cần Thơ | ||
| 260 | |c 2018 | ||
| 520 | |a Trình bày những vấn đề lý luận liên quan đến pháp luật về sản xuất thiết bị và kinh doanh trò chơi mạo hiểm, pháp luật về sản xuất thiết bị và kinh doanh trò chơi mạo hiểm - hạn chế và hướng hoàn thiện. | ||
| 650 | |a Commercial law,Luật thương mại | ||
| 650 | |z Vietnam,Việt Nam | ||
| 910 | |b nthai | ||
| 980 | |a Trung tâm Học liệu Trường Đại học Cần Thơ | ||